00170nam a2200073Ia 4500008004100000245002700041260001900068260000900087170620s9999 xx 000 0 und d 0aPratiyogeta Manovigyan bDelhi- MotiLal c2011